Logo na P - Statystyki

Ogólne statystyki
  • Ten quiz został rozwiązany 30 razy
  • Średni wynik to 26 z 38
Statystyki odpowiedzi
Obrazkowy Hint Odpowiedź % Poprawnych
Napój Pepsi
100%
Samochody Peugeot
100%
Pizzeria Pizza Hut
100%
Telekomunikacja Play
100%
Poczta Poczta Polska
100%
Telewizja Polsat
100%
Partia Polityczna Platforma Obywatelska
96%
Czasopismo Playboy
96%
Instytucja publiczna Policja
96%
Bank Polska Kasa Oszczędnościowa
96%
Kolej Polskie Koleje Państwowe
93%
Odzież Puma
93%
Konsola Playstation
89%
Supermarket Polo
89%
Dostawa jedzenia Pyszne.pl
89%
Elektronika Philips
85%
Energetyka Polska Grupa Energetyczna
85%
Ubezpieczenia Powszechny Zakład Ubezpieczeń
85%
Przekąska Pringles
85%
Social Media Pinterest
81%
Telekomunikacja Plus
81%
Bajka Psi Patrol
78%
Organizacja Polski Czerwony Krzyż
74%
Odzież Pepco
70%
Liga Premier League
63%
Program Photoshop
59%
Samochody Pagani
48%
Bank Pekao
48%
Wydawnictwo Polskie Wydawnictwo Naukowe
48%
Pralnia Panda
41%
Sklep Pewex
41%
Program Python
33%
Gaz Polskie Górnictwo Naftowe i Gazownictwo
30%
Organizacja Polskie Towarzystwo Turystyczno Krajoznawcze
30%
Gra na Roblox Polish Car Driving
11%
Festiwal Pyrkon
11%
Doradztwo biznesowe PricewaterhouseCoopers
4%
Fundusz PFRON
0%
Nie znaleziono quizów pasujących do podanych kryteriów
Rozkład punktacji
Procent ludzi z każdym wynikiem
Percentyl według liczby udzielonych odpowiedzi
Twoja historia wyników
Nie rozwiązałeś tego quizu